Cheers. Season 2. [disc 4] [DVD/videorecording] / ... Read More
Available copies
- 1 of 1 copy available at LARL/NWRL Consortium.
Current holds
0 current holds with 1 total copy.
Show Only Available Copies
| Location | Call Number / Copy Notes | Barcode | Shelving Location | Status | Due Date |
|---|---|---|---|---|---|
| Hallock Public Library | DVD CHE (Text) | 35500004196646 | Main | Available | - |
Record details
- ISBN: 0792195604 (set)
- ISBN: 9780792195603 (set)
- Physical Description: 1 videodisc (ca. 96 min.) : sd., col. ; 4 3/4 in.
- Publisher: Hollywood, Calif. : Paramount Home Entertainment, 2003
Content descriptions
| General Note: | Title from disc surface. Originally broadcast on television in 1984. Special features: Strictly top shelf: the guys behind the bar; Cliff's notes: the wisdom of Cliff ... Read More |
| Formatted Contents Note: | Coach buries a grudge -- Norman's conquest -- I'll ... Read More |
| Participant or Performer Note: | Ted Danson, Shelley Long, Rhea Perlman, George ... Read More |
| Summary, etc.: | Contains 4 episodes from season 2 and special ... Read More |
| Target Audience Note: | MPAA rating: Not rated. |
| System Details Note: | DVD, region 1, full screen presentation; Dolby ... Read More |
| Language Note: | Closed-captioned. |
Search for related items by subject
| Subject: | Bars (Drinking establishments) > Drama. Waitresses > Drama. Man-woman relationships > Drama. |
| Genre: | DVDs. Television programs. Video recordings for the hearing impaired. |
| LDR | 02320cgm a2200529Ka 4500 | ||
|---|---|---|---|
| 001 | 85409 | ||
| 003 | LARL_NWRL_CONSORTIUM | ||
| 005 | 20071025113517.0 | ||
| 007 | vd cvaizq | ||
| 008 | 040402p20031984cau096 g vleng d | ||
| 019 | . | ‡a54484430 | |
| 020 | . | ‡a0792195604 (set) | |
| 020 | . | ‡a9780792195603 (set) | |
| 024 | 1 | . | ‡a097360569346 (set) |
| 028 | 4 | 2. | ‡aPAR0569344 ‡bParamount Home Entertainment |
| 035 | . | ‡a(OCoLC)54859641 ‡z(OCoLC)54484430 | |
| 037 | . | ‡bMidwest Tapes ‡nhttp://www.midwesttapes.com | |
| 040 | . | ‡aJQJ ‡cJQJ ‡dRCS ‡dOCLCQ ‡dTEFMT ‡dNRG | |
| 082 | 0 | 4. | ‡a791.45/75 ‡222 |
| 245 | 0 | 0. | ‡aCheers. ‡nSeason 2. ‡n[disc 4] ‡h[DVD/videorecording] / ‡cCharles Burrows Productions. |
| 260 | . | ‡aHollywood, Calif. : ‡bParamount Home Entertainment, ‡c2003 | |
| 300 | . | ‡a1 videodisc (ca. 96 min.) : ‡bsd., col. ; ‡c4 3/4 in. | |
| 538 | . | ‡aDVD, region 1, full screen presentation; Dolby Digital. | |
| 546 | . | ‡aClosed-captioned. | |
| 500 | . | ‡aTitle from disc surface. | |
| 511 | 1 | . | ‡aTed Danson, Shelley Long, Rhea Perlman, George Wendt, John Ratzenberger. |
| 500 | . | ‡aOriginally broadcast on television in 1984. | |
| 521 | 8 | . | ‡aMPAA rating: Not rated. |
| 520 | . | ‡aContains 4 episodes from season 2 and special features. | |
| 505 | 0 | . | ‡aCoach buries a grudge -- Norman's conquest -- I'll be seeing you (part 1) -- I'll be seeing you (part 2) -- Special features. |
| 500 | . | ‡aSpecial features: Strictly top shelf: the guys behind the bar; Cliff's notes: the wisdom of Cliff Clavin; Carla the comeback queen: insults for every occasion; Di another day: Diane Chambers from A-Z; Gag reel: bloopers from season 2. | |
| 650 | 0. | ‡aBars (Drinking establishments) ‡vDrama. | |
| 650 | 0. | ‡aWaitresses ‡vDrama. | |
| 650 | 0. | ‡aMan-woman relationships ‡vDrama. ‡0(LARL_NWRL_CONSORTIUM)166008 | |
| 655 | 0. | ‡aDVDs. | |
| 655 | 0. | ‡aTelevision programs. ‡0(LARL_NWRL_CONSORTIUM)175822 | |
| 655 | 0. | ‡aVideo recordings for the hearing impaired. ‡0(LARL_NWRL_CONSORTIUM)175744 | |
| 700 | 1 | . | ‡aDanson, Ted, ‡d1947- ‡0(LARL_NWRL_CONSORTIUM)95016 |
| 700 | 1 | . | ‡aLong, Shelley. ‡0(LARL_NWRL_CONSORTIUM)139988 |
| 700 | 1 | . | ‡aPerlman, Rhea. ‡0(LARL_NWRL_CONSORTIUM)208445 |
| 700 | 1 | . | ‡aWendt, George. ‡0(LARL_NWRL_CONSORTIUM)140099 |
| 700 | 1 | . | ‡aRatzenberger, John. ‡0(LARL_NWRL_CONSORTIUM)142802 |
| 710 | 2 | . | ‡aCharles/Burrows/Charles Productions (Firm) ‡0(LARL_NWRL_CONSORTIUM)214384 |
| 710 | 2 | . | ‡aParamount Home Video (Firm) ‡0(LARL_NWRL_CONSORTIUM)95035 |
| 901 | . | ‡a85409 ‡bOCLC ‡c85409 ‡tbiblio | |

Add to basket
Permalink
Disable Highlighting